00358 a2200109 4500001001000000005001700010008004100027245006700068100002100135773007500156999001700231ART_5990120260410161823.0260409a 10a¿Amerita revisión el proceso de fiscalización tributaria?1 aVega, Gerardo E.0 tDoctrina Penal Tributaria y Económicag- N° 70 (dic. 2023)wREV4317 c22545d22545